Nommez une commune de Normandie A-Z - Statistiques

Statistiques générales
  • Ce quiz a été pris 88 fois
  • Le résultat moyen est 14 sur 23
Statistiques - réponses
Lettre # Communes de Normandie % Correct
C 249
Cabourg, Caen, Cagny, Cahagnes...Cabourg | Caen | Cagny | Cahagnes | Cahagnolles | Cahan | Cailleville | Caillouet-Orgeville | Cailly | Cailly-sur-Eure | Cairon | Caligny | Callengeville | Calleville | Calleville-les-Deux-Églises | Cambernon | Cambes-en-Plaine | Cambremer | Camembert | Cametours | Campagnolles | Campigny | Campigny | Campneuseville | Camprond | Canappeville | Canapville | Canapville | Canchy | Canehan | Canisy | Canouville | Canteleu | Canteloup | Canteloup | Canville-la-Rocque | Canville-les-Deux-Églises | Cany-Barville | Caorches-Saint-Nicolas | Capelle-les-Grands | Carantilly | Carcagny | Cardonville | Carentan-les-Marais | Carneville | Carolles | Carpiquet | Carrouges | Cartigny-l'Épinay | Carville-la-Folletière | Carville-Pot-de-Fer | Castillon | Castillon-en-Auge | Castine-en-Plaine | Catenay | Catteville | Caudebec-lès-Elbeuf | Caugé | Caumont | Caumont-sur-Aure | Cauverville-en-Roumois | Cauvicourt | Cauville | Cauville-sur-Mer | Cavigny | Ceaucé | Céaux | Cérences | Cerisé | Cerisy-Belle-Étoile | Cerisy-la-Forêt | Cerisy-la-Salle | Cernay | Cesny-aux-Vignes | Cesny-les-Sources | Cesseville | Ceton | Chahains | Chaignes | Chailloué | Chaise-Dieu-du-Theil | Chamblac | Chambois | Chambord | Chambray | Champcerie | Champ-Dolent | Champeaux | Champeaux-sur-Sarthe | Champenard | Champ-Haut | Champigny-la-Futelaye | Champosoult | Champrepus | Champsecret | Chandai | Chanteloup | Chanu | Charencey | Charleval | Château-sur-Epte | Chaulieu | Chaumont | Chauvincourt-Provemont | Chavigny-Bailleul | Chavoy | Chemilli | Chennebrun | Cherbourg-en-Cotentin | Chérencé-le-Héron | Chéronvilliers | Chouain | Cideville | Cierrey | Cintheaux | Ciral | Cisai-Saint-Aubin | Clais | Clarbec | Clasville | Claville | Claville-Motteville | Clécy | Clef Vallée d'Eure | Cléon | Clères | Cleuville | Cléville | Cléville | Cliponville | Clitourps | Collandres-Quincarnon | Colletot | Colleville | Colleville-Montgomery | Colleville-sur-Mer | Colmesnil-Manneville | Colombelles | Colombières | Colombiers | Colombiers-sur-Seulles | Colomby | Colomby-Anguerny | Comblot | Combon | Combray | Commeaux | Commes | Compainville | Conches-en-Ouche | Condé-en-Normandie | Condé-sur-Ifs | Condé-sur-Risle | Condé-sur-Sarthe | Condé-sur-Seulles | Condé-sur-Vire | Connelles | Conteville | Conteville | Contremoulins | Coquainvilliers | Corbon | Cordebugle | Cordey | Cormeilles | Cormelles-le-Royal | Cormolain | Corneville-la-Fouquetière | Corneville-sur-Risle | Cossesseville | Cottévrard | Cottun | Coudehard | Coudeville-sur-Mer | Coudray | Coudres | Coulimer | Coulmer | Coulonces | Coulonges-sur-Sarthe | Coulouvray-Boisbenâtre | Courbépine | Courcelles-sur-Seine | Courcy | Courcy | Courdemanche | Courgeon | Courgeoût | Cour-Maugis sur Huisne | Courseulles-sur-Mer | Courteilles | Courtils | Courtomer | Courtonne-la-Meurdrac | Courtonne-les-Deux-Églises | Courvaudon | Coutances | Couvains | Couville | Craménil | Crasville | Crasville | Crasville-la-Mallet | Crasville-la-Rocquefort | Créances | Crépon | Cresserons | Cresseveuille | Crestot | Creully sur Seulles | Cricquebœuf | Cricqueville-en-Auge | Cricqueville-en-Bessin | Criel-sur-Mer | Criquebeuf-en-Caux | Criquebeuf-la-Campagne | Criquebeuf-sur-Seine | Criquetot-le-Mauconduit | Criquetot-l'Esneval | Criquetot-sur-Longueville | Criquetot-sur-Ouville | Criquiers | Cristot | Critot | Crocy | Croisilles | Croisilles | Croisy-sur-Andelle | Croisy-sur-Eure | Croixdalle | Croix-Mare | Crollon | Cropus | Crosville-la-Vieille | Crosville-sur-Douve | Crosville-sur-Scie | Croth | Crouay | Crouttes | Crulai | Cuissai | Culey-le-Patry | Cussy | Cuverville | Cuverville | Cuverville | Cuverville-sur-Yères | Cuves | Cuy-Saint-Fiacre
97%
B 270
Bacilly, Bacquepuis, Bacqueville...Bacilly | Bacquepuis | Bacqueville | Bacqueville-en-Caux | Bagnoles de l'Orne Normandie | Bailleul | Bailleul-la-Vallée | Bailleul-Neuville | Baillolet | Bailly-en-Rivière | Bâlines | Balleroy-sur-Drôme | Banneville-la-Campagne | Banville | Banvou | Baons-le-Comte | Barbery | Barbeville | Barc | Bardouville | Barentin | Barenton | Barfleur | Barneville-Carteret | Barneville-la-Bertran | Barneville-sur-Seine | Baromesnil | Baron-sur-Odon | Barou-en-Auge | Barquet | Barville | Barville | Basly | Basseneville | Baubigny | Baudre | Baupte | Bavent | Bayeux | Bazenville | Bazincourt-sur-Epte | Bazinval | Bazoches-au-Houlme | Bazoches-sur-Hoëne | Bazoques | Beaubec-la-Rosière | Beaubray | Beauchamps | Beaucoudray | Beaufai | Beauficel | Beauficel-en-Lyons | Beaufour-Druval | Beaulieu | Beaumais | Beaumesnil | Beaumontel | Beaumont-en-Auge | Beaumont-le-Hareng | Beaumont-le-Roger | Beaurepaire | Beaussault | Beautot | Beauvain | Beauval-en-Caux | Beauvoir | Beauvoir-en-Lyons | Bec-de-Mortagne | Belbeuf | Belfonds | Belforêt-en-Perche | Bellavilliers | Belle Vie en Auge | Bellême | Bellencombre | Bellengreville | Bellengreville | Belleville-en-Caux | Bellou-en-Houlme | Bellou-le-Trichard | Belmesnil | Belval | Bémécourt | Bénarville | Benerville-sur-Mer | Bénesville | Benoîtville | Bénouville | Bénouville | Bény-sur-Mer | Berd'huis | Bérengeville-la-Campagne | Bérigny | Berjou | Bernay | Bernesq | Bernienville | Bernières | Bernières-d'Ailly | Bernières-sur-Mer | Bernouville | Bertheauville | Berthouville | Bertreville | Bertreville-Saint-Ouen | Bertrimont | Berville-en-Caux | Berville-la-Campagne | Berville-sur-Mer | Berville-sur-Seine | Beslon | Besneville | Beuvillers | Beuvrigny | Beuvron-en-Auge | Beuzeville | Beuzeville-la-Bastille | Beuzeville-la-Grenier | Beuzeville-la-Guérard | Beuzevillette | Bézancourt | Bézu-la-Forêt | Bézu-Saint-Éloi | Bierville | Biéville | Biéville-Beuville | Bihorel | Biniville | Biville-la-Baignarde | Biville-la-Rivière | Bizou | Blacqueville | Blainville-Crevon | Blainville-sur-Mer | Blainville-sur-Orne | Blangy-le-Château | Blangy-sur-Bresle | Blay | Blonville-sur-Mer | Blosseville | Blosville | Boëcé | Bois-Anzeray | Bois-Arnault | Boischampré | Bois-d'Ennebourg | Bois-Guilbert | Bois-Guillaume | Bois-Héroult | Bois-Himont | Bois-Jérôme-Saint-Ouen | Bois-le-Roi | Bois-l'Évêque | Boisney | Bois-Normand-près-Lyre | Boissay | Boissei-la-Lande | Boisset-les-Prévanches | Boissey-le-Châtel | Boissy-Lamberville | Boisyvon | Boitron | Bolbec | Bolleville | Boncourt | Bonnebosq | Bonnefoi | Bonnemaison | Bonneville-Aptot | Bonneville-la-Louvet | Bonneville-sur-Touques | Bonnœil | Bonsecours | Bonsmoulins | Bons-Tassilly | Boos | Bordeaux-Saint-Clair | Bornambusc | Bosc-Bérenger | Bosc-Bordel | Bosc-Édeline | Bosc-Guérard-Saint-Adrien | Bosc-Hyons | Bosc-le-Hard | Bosc-Mesnil | Bosgouet | Bosquentin | Bosrobert | Bosroumois | Bosville | Bouafles | Boucé | Bouchevilliers | Boudeville | Bouelles | Bougy | Boulleville | Boulon | Bouquelon | Bouquetot | Bourdainville | Bourg-Achard | Bourg-Beaudouin | Bourgeauville | Bourguébus | Bourguenolles | Bourgvallées | Bournainville-Faverolles | Bourneville-Sainte-Croix | Bourth | Bourville | Boutteville | Bouville | Brachy | Bracquetuit | Bradiancourt | Brainville | Brametot | Branville | Bray | Bréauté | Brécey | Bréhal | Brémontier-Merval | Brémoy | Brestot | Bretagnolles | Breteuil | Brethel | Brétigny | Bretoncelles | Bretteville | Bretteville-du-Grand-Caux | Bretteville-le-Rabet | Bretteville-Saint-Laurent | Bretteville-sur-Ay | Bretteville-sur-Laize | Bretteville-sur-Odon | Breuilpont | Breuville | Breux-sur-Avre | Bréville-les-Monts | Bréville-sur-Mer | Bricquebec-en-Cotentin | Bricquebosq | Bricqueville | Bricqueville-la-Blouette | Bricqueville-sur-Mer | Brieux | Brillevast | Brionne | Briouze | Brix | Broglie | Brosville | Brouains | Brucourt | Brullemail | Buais-Les-Monts | Bucéels | Buchy | Bueil | Bully | Buré | Bures | Bures-en-Bray | Burey | Bursard | Butot | Butot-Vénesville
92%
E 79
Écalles-Alix, Écaquelon, Écardenville-la-Campagne... Écalles-Alix | Écaquelon | Écardenville-la-Campagne | Écausseville | Écauville | Échalou | Échauffour | Écorcei | Écorches | Écouché-les-Vallées | Écouis | Écouves | Ecquetot | Écrainville | Écretteville-lès-Baons | Écretteville-sur-Mer | Ectot-l'Auber | Ectot-lès-Baons | Elbeuf | Elbeuf-en-Bray | Elbeuf-sur-Andelle | Életot | Ellecourt | Ellon | Émalleville | Émanville | Émanville | Émiéville | Émondeville | Englesqueville-en-Auge | Englesqueville-la-Percée | Envermeu | Envronville | Épaignes | Épaney | Épégard | Épieds | Épinay-sur-Duclair | Épinay-sur-Odon | Épouville | Épretot | Épreville | Épreville-en-Lieuvin | Épreville-près-le-Neubourg | Épron | Équemauville | Équilly | Eraines | Ermenouville | Ernemont-la-Villette | Ernemont-sur-Buchy | Ernes | Éroudeville | Esclavelles | Escoville | Eslettes | Espins | Esquay-Notre-Dame | Esquay-sur-Seulles | Essay | Esson | Esteville | Estrées-la-Campagne | Étaimpuis | Étainhus | Étalleville | Étalondes | Éterville | Étienville | Étoutteville | Étréham | Étrépagny | Étretat | Étréville | Éturqueraye | Eu | Évrecy | Évreux | Ézy-sur-Eure
91%
A 116
Ablon, Aclou, Acon, Acquigny... Ablon | Aclou | Acon | Acquigny | Agneaux | Agon-Coutainville | Agy | Aigleville | Ailly | Airel | Aizier | Alençon | Alizay | Allouville-Bellefosse | Almenêches | Alvimare | Amayé-sur-Orne | Amayé-sur-Seulles | Ambenay | Ambrumesnil | Amécourt | Amfreville | Amfreville-la-Mi-Voie | Amfreville-les-Champs | Amfreville-les-Champs | Amfreville-Saint-Amand | Amfreville-sous-les-Monts | Amfreville-sur-Iton | Amigny | Anceaumeville | Ancourt | Ancourteville-sur-Héricourt | Ancretiéville-Saint-Victor | Ancretteville-sur-Mer | Anctoville-sur-Boscq | Andé | Angerville | Angerville-Bailleul | Angerville-la-Campagne | Angerville-la-Martel | Angerville-l'Orcher | Angiens | Anglesqueville-la-Bras-Long | Anglesqueville-l'Esneval | Anisy | Annebault | Anneville-Ambourville | Anneville-en-Saire | Anneville-sur-Scie | Annouville-Vilmesnil | Anquetierville | Anvéville | Appenai-sous-Bellême | Appeville | Appeville-Annebault | Ardouval | Arelaune-en-Seine | Arganchy | Argences | Argentan | Argueil | Armentières-sur-Avre | Arnières-sur-Iton | Arques-la-Bataille | Arromanches-les-Bains | Asnelles | Asnières | Asnières-en-Bessin | Athis-Val de Rouvre | Aube | Aubéguimont | Aubermesnil-aux-Érables | Aubermesnil-Beaumais | Auberville | Auberville-la-Manuel | Auberville-la-Renault | Aubigny | Aubry-le-Panthou | Aubusson | Aucey-la-Plaine | Audouville-la-Hubert | Audrieu | Auguaise | Aulnay-sur-Iton | Aumale | Aumeville-Lestre | Aunay-les-Bois | Aunou-le-Faucon | Aunou-sur-Orne | Auppegard | Aure sur Mer | Aurseulles | Autheuil-Authouillet | Authevernes | Authie | Authieux-Ratiéville | Authou | Autigny | Auvers | Auvillars | Auvilliers | Auxais | Auzebosc | Auzouville-l'Esneval | Auzouville-sur-Ry | Auzouville-sur-Saâne | Avenay | Avernes-Saint-Gourgon | Avesnes-en-Bray | Avesnes-en-Val | Aviron | Avoine | Avranches | Avremesnil | Avrilly | Azeville
90%
D 48
Damblainville, Dame-Marie, Damigny... Damblainville | Dame-Marie | Damigny | Dampierre-en-Bray | Dampierre-Saint-Nicolas | Dancourt | Danestal | Dangu | Dangy | Dardez | Darnétal | Daubeuf-la-Campagne | Daubeuf-près-Vatteville | Daubeuf-Serville | Deauville | Démouville | Dénestanville | Deux-Jumeaux | Déville-lès-Rouen | Dialan sur Chaîne | Dieppe | Digosville | Dives-sur-Mer | Domfront en Poiraie | Domjean | Dompierre | Donnay | Donville-les-Bains | Douains | Doudeauville | Doudeauville-en-Vexin | Doudeville | Douville-en-Auge | Douville-sur-Andelle | Douvrend | Douvres-la-Délivrande | Doville | Dozulé | Dragey-Ronthon | Droisy | Drosay | Drubec | Drucourt | Ducey-Les Chéris | Duclair | Ducy-Sainte-Marguerite | Duranville | Durcet
90%
L 395
La Baleine, La Baronnie, La Barre-de-Semilly... La Baleine | La Baronnie | La Barre-de-Semilly | La Bazoque | La Bazoque | La Bellière | La Bellière | La Bloutière | La Boissière | La Boissière | La Bonneville | La Bonneville-sur-Iton | La Bouille | La Caine | La Cambe | La Cerlangue | La Chaise-Baudouin | La Chapelle-au-Moine | La Chapelle-Bayvel | La Chapelle-Biche | La Chapelle-Cécelin | La Chapelle-du-Bois-des-Faulx | La Chapelle-du-Bourgay | La Chapelle-Gauthier | La Chapelle-Hareng | La Chapelle-Longueville | La Chapelle-Montligeon | La Chapelle-près-Sées | La Chapelle-Saint-Ouen | La Chapelle-Souëf | La Chapelle-sur-Dun | La Chapelle-Urée | La Chapelle-Viel | La Chaussée | La Chaux | La Colombe | La Coulonche | La Couture-Boussey | La Crique | La Croisille | La Ferrière-au-Doyen | La Ferrière-aux-Étangs | La Ferrière-Béchet | La Ferrière-Bochard | La Ferrière-sur-Risle | La Ferté Macé | La Ferté-en-Ouche | La Ferté-Saint-Samson | La Feuillie | La Feuillie | La Folie | La Folletière-Abenon | La Fontelaye | La Forêt-du-Parc | La Frénaye | La Fresnaie-Fayel | La Gaillarde | La Godefroy | La Gonfrière | La Goulafrière | La Hague | La Hallotière | La Harengère | La Haye | La Haye | La Haye-Aubrée | La Haye-Bellefond | La Haye-de-Calleville | La Haye-d'Ectot | La Haye-de-Routot | La Haye-du-Theil | La Haye-le-Comte | La Haye-Malherbe | La Haye-Pesnel | La Haye-Saint-Sylvestre | La Heunière | La Hoguette | La Houblonnière | La Houssaye | La Houssaye-Béranger | La Lande-d'Airou | La Lande-de-Goult | La Lande-de-Lougé | La Lande-Patry | La Lande-Saint-Léger | La Lande-Saint-Siméon | La Londe | La Lucerne-d'Outremer | La Luzerne | La Madeleine-Bouvet | La Madeleine-de-Nonancourt | La Meauffe | La Mesnière | La Meurdraquière | La Motte-Fouquet | La Mouche | La Neuve-Grange | La Neuve-Lyre | La Neuville-Chant-d'Oisel | La Neuville-du-Bosc | La Noë-Poulain | La Pernelle | La Pommeraye | La Poterie-Cap-d'Antifer | La Poterie-Mathieu | La Pyle | La Remuée | La Rivière-Saint-Sauveur | La Roche-Mabile | La Roque-Baignard | La Roquette | La Rue-Saint-Pierre | La Saussaye | La Selle-la-Forge | La Trinité | La Trinité | La Trinité-de-Réville | La Trinité-des-Laitiers | La Trinité-de-Thouberville | La Trinité-du-Mont | La Vacherie | La Vaupalière | La Vendelée | La Ventrouze | La Vespière-Friardel | La Vieille-Lyre | La Vieux-Rue | La Villette | L'Aigle | Laize-Clinchamps | Lalacelle | Laleu | Lamberville | Lamberville | Lammerville | Landelles-et-Coupigny | Landes-sur-Ajon | Landes-Vieilles-et-Neuves | Landigou | Landisacq | Langrune-sur-Mer | Lanquetot | Lapenty | Larré | Laulne | Launay | Le Bec-Hellouin | Le Bec-Thomas | Le Bô | Le Bocasse | Le Bois-Hellain | Le Bois-Robert | Le Bosc du Theil | Le Bosc-Renoult | Le Bouillon | Le Boulay-Morin | Le Bourg-Dun | Le Breuil-en-Auge | Le Breuil-en-Bessin | Le Brévedent | Le Bû-sur-Rouvres | Le Castelet | Le Catelier | Le Caule-Sainte-Beuve | Le Cercueil | Le Chalange | Le Champ-de-la-Pierre | Le Château-d'Almenêches | Le Châtellier | Le Cormier | Le Détroit | Le Dézert | Le Faulq | Le Favril | Le Fidelaire | Le Fournet | Le Fresne-Camilly | Le Fresne-Poret | Le Grais | Le Grand-Celland | Le Grand-Quevilly | Le Grippon | Le Guislain | Le Ham | Le Hanouard | Le Havre | Le Hom | Le Houlme | Le Landin | Le Lesme | Le Loreur | Le Lorey | Le Luot | Le Mage | Le Manoir | Le Manoir | Le Marais-la-Chapelle | Le Mêle-sur-Sarthe | Le Ménil-Bérard | Le Ménil-Broût | Le Ménil-Ciboult | Le Ménil-de-Briouze | Le Ménil-Guyon | Le Ménil-Scelleur | Le Ménil-Vicomte | Le Mesnil | Le Mesnil-Adelée | Le Mesnil-Amey | Le Mesnil-Aubert | Le Mesnil-au-Grain | Le Mesnil-au-Val | Le Mesnil-Durdent | Le Mesnil-Esnard | Le Mesnil-Eudes | Le Mesnil-Eury | Le Mesnil-Fuguet | Le Mesnil-Garnier | Le Mesnil-Gilbert | Le Mesnil-Guillaume | Le Mesnil-Jourdain | Le Mesnillard | Le Mesnil-Lieubray | Le Mesnil-Ozenne | Le Mesnil-Réaume | Le Mesnil-Robert | Le Mesnil-Rouxelin | Le Mesnil-Saint-Jean | Le Mesnil-Simon | Le Mesnil-sous-Jumièges | Le Mesnil-sur-Blangy | Le Mesnil-Véneron | Le Mesnil-Villeman | Le Mesnil-Villement | Le Molay-Littry | Le Mont-Saint-Michel | Le Neubourg | Le Neufbourg | Le Noyer-en-Ouche | Le Parc | Le Pas-Saint-l'Homer | Le Perrey | Le Perron | Le Petit-Celland | Le Petit-Quevilly | Le Pin | Le Pin-au-Haras | Le Pin-la-Garenne | Le Planquay | Le Plantis | Le Plessis-Grohan | Le Plessis-Hébert | Le Plessis-Lastelle | Le Plessis-Sainte-Opportune | Le Pré-d'Auge | Le Renouard | Le Rozel | Le Sap-André | Le Tanu | Le Teilleul | Le Theil-en-Auge | Le Theil-Nolent | Le Thil | Le Thil-Riberpré | Le Thuit | Le Thuit de l'Oison | Le Tilleul | Le Tilleul-Lambert | Le Torp-Mesnil | Le Torpt | Le Torquesne | Le Trait | Le Tremblay-Omonville | Le Tréport | Le Troncq | Le Tronquay | Le Tronquay | Le Val d'Hazey | Le Val-David | Le Val-Doré | Le Val-Saint-Père | Le Vast | Le Vaudreuil | Le Vey | Le Vicel | Le Vieil-Évreux | Léaupartie | Leffard | Lengronne | Léry | Les Andelys | Les Aspres | Les Authieux | Les Authieux-sur-Calonne | Les Authieux-sur-le-Port-Saint-Ouen | Les Barils | Les Baux-de-Breteuil | Les Baux-Sainte-Croix | Les Bottereaux | Les Cent-Acres | Les Champeaux | Les Cresnays | Les Damps | Les Genettes | Les Grandes-Ventes | Les Hauts-de-Caux | Les Hogues | Les Ifs | Les Isles-Bardel | Les Loges | Les Loges | Les Loges-Marchis | Les Loges-Saulces | Les Loges-sur-Brécey | Les Menus | Les Moitiers-d'Allonne | Les Monceaux | Les Monts d'Andaine | Les Monts d'Aunay | Les Monts du Roumois | Les Moutiers-en-Auge | Les Moutiers-en-Cinglais | Les Pieux | Les Places | Les Préaux | Les Thilliers-en-Vexin | Les Trois Lacs | Les Trois-Pierres | Les Ventes | Les Ventes-de-Bourse | Les Yveteaux | Lessard-et-le-Chêne | Lessay | Lestanville | Lestre | L'Étang-Bertrand | Letteguives | L'Habit | L'Hôme-Chamondot | L'Hosmes | L'Hôtellerie | Liesville-sur-Douve | Lieurey | Lieusaint | Lignères | Lignerolles | Lignou | Lillebonne | Lilly | Limésy | Limpiville | Lindebeuf | Lingeard | Lingèvres | Lintot | Lintot-les-Bois | Lion-sur-Mer | Lisieux | Lison | Lisores | Lisors | Litteau | Livarot-Pays-d'Auge | Livet-sur-Authou | Loisail | Lolif | Londinières | Longchamps | Longmesnil | Longny les Villages | Longroy | Longueil | Longuerue | Longues-sur-Mer | Longueville | Longueville | Longueville-sur-Scie | Longvillers | Lonlay-l'Abbaye | Lonlay-le-Tesson | Lonrai | L'Orée-d'Écouves | Lorleau | Loucelles | Lougé-sur-Maire | Louvagny | Louversey | Louvetot | Louvières-en-Auge | Louviers | Louvigny | Louye | Luc-sur-Mer | Lucy | Luneray | Lyons-la-Forêt
85%
G 106
Gacé, Gadencourt, Gaillefontaine, Gaillon... Gacé | Gadencourt | Gaillefontaine | Gaillon | Gainneville | Gamaches-en-Vexin | Gancourt-Saint-Étienne | Gandelain | Ganzeville | Gâprée | Garennes-sur-Eure | Gasny | Gathemo | Gatteville-le-Phare | Gauciel | Gaudreville-la-Rivière | Gauville-la-Campagne | Gavray-sur-Sienne | Gavrus | Geffosses | Géfosse-Fontenay | Genêts | Genneville | Ger | Gerponville | Gerville | Giberville | Giel-Courteilles | Ginai | Gisors | Giverny | Giverville | Glanville | Glisolles | Glos | Glos-sur-Risle | Goderville | Golleville | Gommerville | Gonfreville | Gonfreville-Caillot | Gonfreville-l'Orcher | Gonnetot | Gonneville-en-Auge | Gonneville-la-Mallet | Gonneville-Le Theil | Gonneville-sur-Honfleur | Gonneville-sur-Mer | Gonneville-sur-Scie | Gonzeville | Gorges | Gouffern en Auge | Goupillières | Goupil-Othon | Gournay-en-Bray | Gournay-le-Guérin | Goustranville | Gouvets | Gouville-sur-Mer | Gouvix | Gouy | Graignes-Mesnil-Angot | Graimbouville | Grainville-Langannerie | Grainville-la-Teinturière | Grainville-sur-Odon | Grainville-sur-Ry | Grainville-Ymauville | Grand Bourgtheroulde | Grand-Camp | Grand-Camp | Grandcamp-Maisy | Grand-Couronne | Grandcourt | Grandparigny | Grangues | Granville | Gratot | Graval | Graveron-Sémerville | Gravigny | Graye-sur-Mer | Grèges | Grémonville | Grentheville | Greuville | Grigneuseville | Grimbosq | Grimesnil | Grosley-sur-Risle | Grossœuvre | Grosville | Gruchet-le-Valasse | Gruchet-Saint-Siméon | Grugny | Grumesnil | Guêprei | Guerny | Guéron | Guerquesalles | Guerville | Gueures | Gueutteville | Gueutteville-les-Grès | Guichainville | Guiseniers
84%
F 98
Fains, Falaise, Fallencourt, Farceaux... Fains | Falaise | Fallencourt | Farceaux | Fatouville-Grestain | Fauguernon | Fauville | Faverolles | Faverolles-la-Campagne | Fay | Fécamp | Feings | Fermanville | Ferrières-en-Bray | Ferrières-Haut-Clocher | Ferrières-la-Verrerie | Ferrières-Saint-Hilaire | Fesques | Feugères | Feuguerolles | Feuguerolles-Bully | Fierville-les-Mines | Fierville-les-Parcs | Fiquefleur-Équainville | Firfol | Flamanville | Flamanville | Flamets-Frétils | Flancourt-Crescy-en-Roumois | Flers | Fleuré | Fleury | Fleury-la-Forêt | Fleury-sur-Andelle | Fleury-sur-Orne | Flipou | Flocques | Flottemanville | Folleville | Folligny | Fongueusemare | Fontaine-Bellenger | Fontaine-en-Bray | Fontaine-Étoupefour | Fontaine-Henry | Fontaine-l'Abbé | Fontaine-la-Louvet | Fontaine-la-Mallet | Fontaine-le-Bourg | Fontaine-le-Dun | Fontaine-le-Pin | Fontaine-les-Bassets | Fontaine-sous-Jouy | Fontaine-sous-Préaux | Fontenay | Fontenay-le-Marmion | Fontenay-le-Pesnel | Fontenay-sur-Mer | Forges-les-Eaux | Formentin | Formigny La Bataille | Fort-Moville | Foucarmont | Foucart | Foucrainville | Foulbec | Foulognes | Fouqueville | Fourches | Fourneaux | Fourneaux-le-Val | Fourneville | Francheville | Franqueville | Franqueville-Saint-Pierre | Fréauville | Frenelles-en-Vexin | Freneuse | Freneuse-sur-Risle | Frénouville | Fresles | Fresnay-le-Long | Fresnay-le-Samson | Fresne-Cauverville | Fresné-la-Mère | Fresne-le-Plan | Fresney | Fresney-le-Puceux | Fresney-le-Vieux | Fresnoy-Folny | Fresquiennes | Fresville | Freulleville | Frichemesnil | Froberville | Fry | Fultot | Fumichon
82%
S 491
Saâne-Saint-Just, Sablons sur Huisne, Sacey... Saâne-Saint-Just | Sablons sur Huisne | Sacey | Sacquenville | Sahurs | Sai | Sainneville | Saint Martin de l'If | Saint-Agnan-de-Cernières | Saint-Agnan-sur-Sarthe | Saint-Aignan-sur-Ry | Saint-Amand-Villages | Saint-André-de-Bohon | Saint-André-de-Briouze | Saint-André-de-l'Épine | Saint-André-de-l'Eure | Saint-André-de-Messei | Saint-André-d'Hébertot | Saint-André-sur-Cailly | Saint-André-sur-Orne | Saint-Antoine-la-Forêt | Saint-Antonin-de-Sommaire | Saint-Aquilin-de-Corbion | Saint-Arnoult | Saint-Arnoult | Saint-Aubin-Celloville | Saint-Aubin-d'Appenai | Saint-Aubin-d'Arquenay | Saint-Aubin-de-Bonneval | Saint-Aubin-de-Courteraie | Saint-Aubin-de-Crétot | Saint-Aubin-d'Écrosville | Saint-Aubin-des-Bois | Saint-Aubin-de-Scellon | Saint-Aubin-des-Préaux | Saint-Aubin-de-Terregatte | Saint-Aubin-du-Thenney | Saint-Aubin-Épinay | Saint-Aubin-le-Cauf | Saint-Aubin-lès-Elbeuf | Saint-Aubin-Routot | Saint-Aubin-sur-Gaillon | Saint-Aubin-sur-Mer | Saint-Aubin-sur-Mer | Saint-Aubin-sur-Quillebeuf | Saint-Aubin-sur-Scie | Saint-Barthélemy | Saint-Benoît-des-Ombres | Saint-Benoît-d'Hébertot | Saint-Bômer-les-Forges | Saint-Brice | Saint-Brice | Saint-Brice-de-Landelles | Saint-Brice-sous-Rânes | Saint-Céneri-le-Gérei | Saint-Christophe-de-Chaulieu | Saint-Christophe-du-Foc | Saint-Christophe-sur-Avre | Saint-Christophe-sur-Condé | Saint-Clair-de-Halouze | Saint-Clair-sur-l'Elle | Saint-Clair-sur-les-Monts | Saint-Clément-Rancoudray | Saint-Côme-de-Fresné | Saint-Contest | Saint-Crespin | Saint-Cyr | Saint-Cyr-de-Salerne | Saint-Cyr-du-Bailleul | Saint-Cyr-la-Campagne | Saint-Cyr-la-Rosière | Saint-Denis-d'Aclon | Saint-Denis-d'Augerons | Saint-Denis-de-Mailloc | Saint-Denis-de-Méré | Saint-Denis-des-Monts | Saint-Denis-le-Ferment | Saint-Denis-le-Gast | Saint-Denis-le-Thiboult | Saint-Denis-le-Vêtu | Saint-Denis-sur-Huisne | Saint-Denis-sur-Sarthon | Saint-Denis-sur-Scie | Saint-Désir | Saint-Didier-des-Bois | Sainte-Adresse | Sainte-Agathe-d'Aliermont | Sainte-Austreberthe | Sainte-Beuve-en-Rivière | Sainte-Cécile | Sainte-Céronne-lès-Mortagne | Sainte-Colombe | Sainte-Colombe | Sainte-Colombe-la-Commanderie | Sainte-Colombe-près-Vernon | Sainte-Croix-sur-Buchy | Sainte-Croix-sur-Mer | Sainte-Foy | Sainte-Gauburge-Sainte-Colombe | Sainte-Geneviève | Sainte-Geneviève | Sainte-Geneviève-lès-Gasny | Sainte-Hélène-Bondeville | Sainte-Honorine-de-Ducy | Sainte-Honorine-du-Fay | Sainte-Honorine-la-Chardonne | Sainte-Honorine-la-Guillaume | Saint-Élier | Saint-Ellier-les-Bois | Saint-Éloi-de-Fourques | Sainte-Marguerite-de-Carrouges | Sainte-Marguerite-d'Elle | Sainte-Marguerite-sur-Duclair | Sainte-Marguerite-sur-Mer | Sainte-Marie-au-Bosc | Sainte-Marie-d'Attez | Sainte-Marie-des-Champs | Sainte-Marie-de-Vatimesnil | Sainte-Marie-du-Mont | Sainte-Marie-la-Robert | Sainte-Marie-Outre-l'Eau | Sainte-Marthe | Sainte-Mère-Église | Sainte-Opportune | Sainte-Opportune-du-Bosc | Sainte-Opportune-la-Mare | Sainte-Scolasse-sur-Sarthe | Sainte-Suzanne-sur-Vire | Saint-Étienne-du-Rouvray | Saint-Étienne-du-Vauvray | Saint-Étienne-l'Allier | Saint-Étienne-la-Thillaye | Saint-Étienne-sous-Bailleul | Saint-Eustache-la-Forêt | Saint-Evroult-de-Montfort | Saint-Evroult-Notre-Dame-du-Bois | Saint-Floxel | Saint-Fraimbault | Saint-Fromond | Saint-Fulgent-des-Ormes | Saint-Gatien-des-Bois | Saint-Georges-d'Annebecq | Saint-Georges-de-la-Rivière | Saint-Georges-de-Livoye | Saint-Georges-d'Elle | Saint-Georges-de-Rouelley | Saint-Georges-des-Groseillers | Saint-Georges-du-Vièvre | Saint-Georges-Montcocq | Saint-Georges-Motel | Saint-Georges-sur-Fontaine | Saint-Germain-d'Aunay | Saint-Germain-de-Clairefeuille | Saint-Germain-de-Fresney | Saint-Germain-de-la-Coudre | Saint-Germain-de-Livet | Saint-Germain-d'Elle | Saint-Germain-de-Martigny | Saint-Germain-de-Pasquier | Saint-Germain-des-Angles | Saint-Germain-des-Essourts | Saint-Germain-des-Grois | Saint-Germain-d'Étables | Saint-Germain-de-Tournebut | Saint-Germain-de-Varreville | Saint-Germain-du-Corbéis | Saint-Germain-du-Pert | Saint-Germain-la-Blanche-Herbe | Saint-Germain-la-Campagne | Saint-Germain-Langot | Saint-Germain-le-Gaillard | Saint-Germain-le-Vasson | Saint-Germain-le-Vieux | Saint-Germain-sous-Cailly | Saint-Germain-sur-Avre | Saint-Germain-sur-Ay | Saint-Germain-sur-Eaulne | Saint-Germain-sur-Sèves | Saint-Gervais-des-Sablons | Saint-Gervais-du-Perron | Saint-Gilles | Saint-Gilles-de-Crétot | Saint-Gilles-de-la-Neuville | Saint-Gilles-des-Marais | Saint-Grégoire-du-Vièvre | Saint-Hellier | Saint-Hilaire-de-Briouze | Saint-Hilaire-du-Harcouët | Saint-Hilaire-le-Châtel | Saint-Hilaire-sur-Erre | Saint-Hilaire-sur-Risle | Saint-Honoré | Saint-Hymer | Saint-Jacques-d'Aliermont | Saint-Jacques-de-Néhou | Saint-Jacques-sur-Darnétal | Saint-James | Saint-Jean-de-Daye | Saint-Jean-de-Folleville | Saint-Jean-de-la-Haize | Saint-Jean-de-la-Neuville | Saint-Jean-de-la-Rivière | Saint-Jean-de-Livet | Saint-Jean-d'Elle | Saint-Jean-de-Savigny | Saint-Jean-des-Champs | Saint-Jean-du-Cardonnay | Saint-Jean-du-Corail-des-Bois | Saint-Jean-du-Thenney | Saint-Jean-le-Thomas | Saint-Joseph | Saint-Jouin | Saint-Jouin-Bruneval | Saint-Jouin-de-Blavou | Saint-Julien-de-la-Liègue | Saint-Julien-sur-Calonne | Saint-Julien-sur-Sarthe | Saint-Lambert | Saint-Lambert-sur-Dive | Saint-Langis-lès-Mortagne | Saint-Laurent-de-Brèvedent | Saint-Laurent-de-Condel | Saint-Laurent-de-Cuves | Saint-Laurent-des-Bois | Saint-Laurent-de-Terregatte | Saint-Laurent-du-Tencement | Saint-Laurent-en-Caux | Saint-Laurent-sur-Mer | Saint-Léger-aux-Bois | Saint-Léger-de-Rôtes | Saint-Léger-Dubosq | Saint-Léger-du-Bourg-Denis | Saint-Léger-du-Gennetey | Saint-Léger-sur-Sarthe | Saint-Léonard | Saint-Léonard-des-Parcs | Saint-Lô | Saint-Louet-sur-Seulles | Saint-Louet-sur-Vire | Saint-Loup | Saint-Loup-Hors | Saint-Luc | Saint-Lucien | Saint-Maclou | Saint-Maclou-de-Folleville | Saint-Maclou-la-Brière | Saint-Malo-de-la-Lande | Saint-Manvieu-Norrey | Saint-Marcel | Saint-Marcouf | Saint-Marcouf | Saint-Mard-de-Réno | Saint-Mards | Saint-Mards-de-Blacarville | Saint-Mards-de-Fresne | Saint-Mars-d'Égrenne | Saint-Martin-au-Bosc | Saint-Martin-aux-Arbres | Saint-Martin-aux-Buneaux | Saint-Martin-aux-Chartrains | Saint-Martin-d'Aubigny | Saint-Martin-d'Audouville | Saint-Martin-de-Bienfaite-la-Cressonnière | Saint-Martin-de-Blagny | Saint-Martin-de-Bonfossé | Saint-Martin-de-Boscherville | Saint-Martin-de-Cenilly | Saint-Martin-d'Écublei | Saint-Martin-de-la-Lieue | Saint-Martin-de-Mailloc | Saint-Martin-de-May | Saint-Martin-de-Mieux | Saint-Martin-des-Entrées | Saint-Martin-des-Landes | Saint-Martin-des-Pézerits | Saint-Martin-de-Varreville | Saint-Martin-du-Bec | Saint-Martin-du-Manoir | Saint-Martin-du-Tilleul | Saint-Martin-du-Vieux-Bellême | Saint-Martin-du-Vivier | Saint-Martin-la-Campagne | Saint-Martin-l'Aiguillon | Saint-Martin-le-Bouillant | Saint-Martin-le-Gaillard | Saint-Martin-le-Gréard | Saint-Martin-l'Hortier | Saint-Martin-Osmonville | Saint-Martin-Saint-Firmin | Saint-Maur-des-Bois | Saint-Maurice-d'Ételan | Saint-Maurice-en-Cotentin | Saint-Meslin-du-Bosc | Saint-Michel-de-Montjoie | Saint-Michel-d'Halescourt | Saint-Michel-Tubœuf | Saint-Nicolas-d'Aliermont | Saint-Nicolas-de-la-Haie | Saint-Nicolas-de-la-Taille | Saint-Nicolas-de-Pierrepont | Saint-Nicolas-des-Bois | Saint-Nicolas-des-Bois | Saint-Nicolas-de-Sommaire | Saint-Omer | Saint-Ouen-de-Pontcheuil | Saint-Ouen-de-Sécherouvre | Saint-Ouen-de-Thouberville | Saint-Ouen-du-Breuil | Saint-Ouen-du-Mesnil-Oger | Saint-Ouen-du-Tilleul | Saint-Ouen-le-Brisoult | Saint-Ouen-le-Mauger | Saint-Ouen-le-Pin | Saint-Ouen-sous-Bailly | Saint-Ouen-sur-Iton | Saint-Ovin | Saint-Paër | Saint-Pair | Saint-Pair-sur-Mer | Saint-Patrice-de-Claids | Saint-Patrice-du-Désert | Saint-Paul | Saint-Paul-de-Fourques | Saint-Paul-du-Vernay | Saint-Philbert-des-Champs | Saint-Philbert-sur-Boissey | Saint-Philbert-sur-Orne | Saint-Philbert-sur-Risle | Saint-Pierre-Azif | Saint-Pierre-Bénouville | Saint-Pierre-Canivet | Saint-Pierre-d'Arthéglise | Saint-Pierre-de-Bailleul | Saint-Pierre-de-Cernières | Saint-Pierre-de-Cormeilles | Saint-Pierre-de-Coutances | Saint-Pierre-de-Manneville | Saint-Pierre-d'Entremont | Saint-Pierre-de-Salerne | Saint-Pierre-de-Semilly | Saint-Pierre-des-Fleurs | Saint-Pierre-des-Ifs | Saint-Pierre-des-Ifs | Saint-Pierre-des-Jonquières | Saint-Pierre-des-Loges | Saint-Pierre-de-Varengeville | Saint-Pierre-du-Bosguérard | Saint-Pierre-du-Bû | Saint-Pierre-du-Fresne | Saint-Pierre-du-Jonquet | Saint-Pierre-du-Mont | Saint-Pierre-du-Regard | Saint-Pierre-du-Val | Saint-Pierre-du-Vauvray | Saint-Pierre-Église | Saint-Pierre-en-Auge | Saint-Pierre-en-Port | Saint-Pierre-en-Val | Saint-Pierre-la-Bruyère | Saint-Pierre-la-Garenne | Saint-Pierre-Langers | Saint-Pierre-lès-Elbeuf | Saint-Pierre-le-Vieux | Saint-Pierre-le-Viger | Saint-Planchers | Saint-Pois | Saint-Quentin-de-Blavou | Saint-Quentin-les-Chardonnets | Saint-Quentin-sur-le-Homme | Saint-Rémy | Saint-Rémy-Boscrocourt | Saint-Riquier-en-Rivière | Saint-Riquier-ès-Plains | Saint-Roch-sur-Égrenne | Saint-Romain-de-Colbosc | Saint-Saëns | Saint-Saire | Saint-Samson | Saint-Samson-de-la-Roque | Saint-Sauveur-de-Carrouges | Saint-Sauveur-d'Émalleville | Saint-Sauveur-de-Pierrepont | Saint-Sauveur-la-Pommeraye | Saint-Sauveur-le-Vicomte | Saint-Sauveur-Villages | Saint-Sébastien-de-Morsent | Saint-Sébastien-de-Raids | Saint-Senier-de-Beuvron | Saint-Senier-sous-Avranches | Saint-Siméon | Saint-Sulpice-de-Grimbouville | Saint-Sulpice-sur-Risle | Saint-Sylvain | Saint-Sylvain | Saint-Sylvestre-de-Cormeilles | Saint-Symphorien | Saint-Symphorien-des-Bruyères | Saint-Vaast-d'Équiqueville | Saint-Vaast-Dieppedalle | Saint-Vaast-du-Val | Saint-Vaast-en-Auge | Saint-Vaast-la-Hougue | Saint-Vaast-sur-Seulles | Saint-Valery-en-Caux | Saint-Victor-de-Chrétienville | Saint-Victor-d'Épine | Saint-Victor-l'Abbaye | Saint-Victor-sur-Avre | Saint-Vigor | Saint-Vigor-des-Monts | Saint-Vigor-d'Ymonville | Saint-Vigor-le-Grand | Saint-Vincent-Cramesnil | Saint-Vincent-des-Bois | Saint-Vincent-du-Boulay | Saires-la-Verrerie | Sallen | Sallenelles | Sancourt | Sandouville | Sannerville | Saon | Saonnet | Sap-en-Auge | Sarceaux | Sartilly-Baie-Bocage | Sassetot-le-Malgardé | Sassetot-le-Mauconduit | Sasseville | Sassey | Sassy | Sauchay | Saumont-la-Poterie | Sauqueville | Saussay | Saussay-la-Campagne | Saussemesnil | Sausseuzemare-en-Caux | Saussey | Savigny | Savigny-le-Vieux | Sébécourt | Sébeville | Sées | Selles | Semallé | Senneville-sur-Fécamp | Sénoville | Sept-Meules | Serez | Serqueux | Serquigny | Servaville-Salmonville | Servon | Seulline | Sévigny | Sevrai | Sideville | Sierville | Sigy-en-Bray | Siouville-Hague | Smermesnil | Soignolles | Soliers | Soligny-la-Trappe | Sommervieu | Sommery | Sommesnil | Sorquainville | Sortosville | Sortosville-en-Beaumont | Sottevast | Sotteville | Sotteville-lès-Rouen | Sotteville-sous-le-Val | Sotteville-sur-Mer | Soulangy | Souleuvre en Bocage | Soumont-Saint-Quentin | Sourdeval | Subles | Subligny | Sully | Suré | Surrain | Surtainville | Surtauville | Surville | Surville | Suzay | Sylvains-Lès-Moulins
82%
H 76
Habloville, Hacqueville, Hambye, Hamelin... Habloville | Hacqueville | Hambye | Hamelin | Harcanville | Harcourt | Hardencourt-Cocherel | Hardinvast | Harfleur | Harquency | Hattenville | Haucourt | Haudricourt | Haussez | Hauterive | Hauteville-la-Guichard | Hauteville-sur-Mer | Hautot-l'Auvray | Hautot-le-Vatois | Hautot-Saint-Sulpice | Hautot-sur-Mer | Hautot-sur-Seine | Hautteville-Bocage | Hauville | Héauville | Hébécourt | Héberville | Hecmanville | Hécourt | Hectomare | Helleville | Héloup | Hémevez | Hennezis | Hénouville | Héricourt-en-Caux | Hermanville | Hermanville-sur-Mer | Hermeville | Hermival-les-Vaux | Héronchelles | Hérouville-Saint-Clair | Hérouvillette | Herqueville | Heubécourt-Haricourt | Heudebouville | Heudicourt | Heudreville-en-Lieuvin | Heudreville-sur-Eure | Heugleville-sur-Scie | Heugueville-sur-Sienne | Heuland | Heuqueville | Heuqueville | Heurteauville | Hiesville | Hocquigny | Hodeng-au-Bosc | Hodeng-Hodenger | Hondouville | Honfleur | Honguemare-Guenouville | Hotot-en-Auge | Hottot-les-Bagues | Houdetot | Houetteville | Houlbec-Cocherel | Houlgate | Houppeville | Houquetot | Houville-en-Vexin | Huberville | Hudimesnil | Huest | Hugleville-en-Caux | Huisnes-sur-Mer
81%
V 115
Vacognes-Neuilly, Vains, Val d'Arry, Val de Drôme... Vacognes-Neuilly | Vains | Val d'Arry | Val de Drôme | Val d'Orger | Valailles | Valambray | Val-au-Perche | Valcanville | Valdallière | Val-de-la-Haye | Val-de-Reuil | Val-de-Saâne | Val-de-Scie | Val-de-Vie | Valframbert | Valletot | Valliquerville | Valmont | Valognes | Valorbiquet | Valsemé | Vandrimare | Vannecrocq | Varaville | Varengeville-sur-Mer | Varenguebec | Varneville-Bretteville | Varouville | Vascœuil | Vassonville | Vatierville | Vattetot-sous-Beaumont | Vattetot-sur-Mer | Vatteville | Vatteville-la-Rue | Vaucelles | Vaudreville | Vaunoise | Vauville | Vaux-sur-Aure | Vaux-sur-Eure | Vaux-sur-Seulles | Veauville-lès-Quelles | Vendes | Vendeuvre | Vénestanville | Venon | Ventes-Saint-Rémy | Ver | Vergetot | Verneuil d'Avre et d'Iton | Verneusses | Vernix | Vernon | Verrières | Versainville | Verson | Ver-sur-Mer | Vesly | Vesly | Veules-les-Roses | Veulettes-sur-Mer | Vexin-sur-Epte | Vézillon | Vibeuf | Vicq-sur-Mer | Vicques | Victot-en-Auge | Vidai | Videcosville | Vienne-en-Bessin | Vierville-sur-Mer | Vieux | Vieux-Bourg | Vieux-Manoir | Vieux-Pont | Vieux-Port | Vieux-Rouen-sur-Bresle | Vignats | Villainville | Ville | Villebaudon | Villedieu-lès-Bailleul | Villedieu-les-Poêles-Rouffigny | Villegats | Villers-Bocage | Villers-Canivet | Villers-Écalles | Villers-en-Vexin | Villers-sous-Foucarmont | Villers-sur-le-Roule | Villers-sur-Mer | Villerville | Villettes | Villez-sous-Bailleul | Villez-sur-le-Neubourg | Villiers-en-Désœuvre | Villiers-Fossard | Villiers-sous-Mortagne | Villons-les-Buissons | Villy-Bocage | Villy-lez-Falaise | Villy-sur-Yères | Vimont | Vimoutiers | Vinnemerville | Virandeville | Vire Normandie | Vironvay | Virville | Vitot | Vitrai-sous-Laigle | Vittefleur | Voiscreville | Vraiville
71%
R 75
Radepont, Raffetot, Rai, Raids... Radepont | Raffetot | Rai | Raids | Rainfreville | Rampan | Ranchy | Rânes | Ranville | Rapilly | Rauville-la-Bigot | Rauville-la-Place | Réalcamp | Rebets | Reffuveille | Regnéville-sur-Mer | Reigneville-Bocage | Rémalard en Perche | Remilly Les Marais | Renneville | Repentigny | Résenlieu | Rétonval | Reuilly | Reuville | Reux | Réveillon | Reviers | Réville | Ri | Ricarville-du-Val | Richemont | Richeville | Rieux | Rives d'Andaine | Rives-en-Seine | Riville | Robertot | Rocheville | Rocquefort | Rocquemont | Rocques | Rogerville | Roiville | Rolleville | Romagny Fontenay | Romilly-la-Puthenaye | Romilly-sur-Andelle | Rônai | Roncey | Roncherolles-en-Bray | Roncherolles-sur-le-Vivier | Ronchois | Rosay | Rosay-sur-Lieure | Rosel | Rots | Rouen | Rougemontiers | Rouge-Perriers | Roumare | Rouperroux | Routes | Routot | Rouville | Rouvray | Rouvray-Catillon | Rouvres | Rouxmesnil-Bouteilles | Royville | Rubercy | Rugles | Rumesnil | Ry | Ryes
70%
M 199
Macé, Magneville, Magny-en-Bessin... Macé | Magneville | Magny-en-Bessin | Magny-le-Désert | Mahéru | Mainneville | Maisoncelles-Pelvey | Maisoncelles-sur-Ajon | Maisons | Maizet | Maizières | Malaunay | Malherbe-sur-Ajon | Malleville-les-Grès | Malleville-sur-le-Bec | Malouy | Maltot | Mandeville | Mandeville-en-Bessin | Mandres | Manéglise | Manéhouville | Manerbe | Maniquerville | Manneville-ès-Plains | Manneville-la-Goupil | Manneville-la-Pipard | Manneville-la-Raoult | Manneville-sur-Risle | Mannevillette | Mantilly | Manvieux | Marais-Vernier | Marbeuf | Marbois | Marcey-les-Grèves | Marchemaisons | Marchésieux | Marcilly | Marcilly-la-Campagne | Marcilly-sur-Eure | Mardilly | Margueray | Marigny-Le-Lozon | Marolles | Maromme | Marques | Martagny | Martainville | Martainville | Martainville-Épreville | Martigny | Martigny-sur-l'Ante | Martin-Église | Martinvast | Martot | Massy | Mathieu | Mathonville | Maucomble | Maulévrier-Sainte-Gertrude | Mauny | Maupertuis | Maupertus-sur-Mer | Mauquenchy | Mauves-sur-Huisne | Méautis | Médavy | Méhoudin | Mélamare | Mélicourt | Melleville | Ménerval | Ménesqueville | Ménil-Erreux | Ménil-Froger | Ménil-Gondouin | Ménil-Hermei | Ménil-Hubert-en-Exmes | Ménil-Hubert-sur-Orne | Ménilles | Ménil-Vin | Menneval | Ménonval | Mentheville | Mercey | Merey | Merlerault-le-Pin | Merri | Merville-Franceville-Plage | Méry-Bissières-en-Auge | Mésangueville | Meslay | Mesnières-en-Bray | Mesnil-en-Ouche | Mesnil-Follemprise | Mesnil-Mauger | Mesnil-Panneville | Mesnil-Raoul | Mesnil-Rousset | Mesnil-sous-Vienne | Mesnils-sur-Iton | Mesnil-sur-l'Estrée | Mesnil-Verclives | Messei | Meulers | Meuvaines | Mézidon Vallée d'Auge | Mézières-en-Vexin | Mieuxcé | Millebosc | Millières | Mirville | Miserey | Moisville | Molagnies | Monceaux-en-Bessin | Monchaux-Soreng | Monchy-sur-Eu | Moncy | Mondeville | Mondrainville | Monfréville | Montabard | Montabot | Montaigu-la-Brisette | Montaigu-les-Bois | Montbray | Mont-Cauvaire | Montchevrel | Montcuit | Montebourg | Montérolier | Montfarville | Montfiquet | Montfort-sur-Risle | Montgaudry | Monthuchon | Montigny | Montigny | Montillières-sur-Orne | Montilly-sur-Noireau | Montivilliers | Montjoie-Saint-Martin | Montmain | Montmartin-sur-Mer | Montmerrei | Mont-Ormel | Montpinchon | Montrabot | Montreuil-au-Houlme | Montreuil-en-Auge | Montreuil-en-Caux | Montreuil-la-Cambe | Montreuil-l'Argillé | Montreuil-sur-Lozon | Montroty | Mont-Saint-Aignan | Montsecret-Clairefougère | Monts-en-Bessin | Montsenelle | Monts-sur-Orne | Montville | Moon-sur-Elle | Morainville-Jouveaux | Morgny | Morgny-la-Pommeraye | Morienne | Morigny | Morsan | Mortagne-au-Perche | Mortain-Bocage | Morteaux-Coulibœuf | Mortemer | Mortrée | Morville | Morville-le-Héron | Mosles | Motteville | Mouen | Mouettes | Mouflaines | Moulineaux | Moulines | Moulines | Moulins-en-Bessin | Moulins-la-Marche | Moulins-sur-Orne | Moult-Chicheboville | Mousseaux-Neuville | Moutiers-au-Perche | Moyaux | Moyon Villages | Muchedent | Muids | Muneville-le-Bingard | Muneville-sur-Mer | Mutrécy | Muzy
67%
O 32
Occagnes, Ocqueville, Octeville-l'Avenel... Occagnes | Ocqueville | Octeville-l'Avenel | Octeville-sur-Mer | Offranville | Oherville | Oissel | Olendon | Ommoy | Omonville | Orbec | Orgères | Orglandes | Origny-le-Roux | Orival | Ormes | Orval sur Sienne | Osmanville | Osmoy-Saint-Valery | Ouainville | Oudalle | Ouézy | Ouffières | Ouilly-du-Houley | Ouilly-le-Tesson | Ouilly-le-Vicomte | Ouistreham | Ourville-en-Caux | Ouville | Ouville-l'Abbaye | Ouville-la-Rivière | Ozeville
57%
T 89
Taillepied, Tamerville, Tancarville, Tanis... Taillepied | Tamerville | Tancarville | Tanis | Tanques | Tanville | Tellières-le-Plessis | Terre-et-Marais | Terres de Bord | Terres de Druance | Terres-de-Caux | Tessé-Froulay | Tessel | Tessy-Bocage | Teurthéville-Bocage | Teurthéville-Hague | Thaon | Thénouville | Thèreval | Thérouldeville | Theuville-aux-Maillots | Théville | Thiberville | Thibouville | Thiergeville | Thierville | Thiétreville | Thil-Manneville | Thiouville | Thue et Mue | Ticheville | Tilleul-Dame-Agnès | Tillières-sur-Avre | Tilly | Tilly-sur-Seulles | Tinchebray-Bocage | Tirepied-sur-Sée | Tocqueville | Tocqueville | Tocqueville-en-Caux | Tocqueville-les-Murs | Tollevast | Torchamp | Torcy-le-Grand | Torcy-le-Petit | Torigny-les-Villes | Tôtes | Touffreville | Touffréville | Touffreville-la-Corbeline | Touffreville-sur-Eu | Touques | Touquettes | Tour-en-Bessin | Tourgéville | Tournai-sur-Dive | Tournedos-Bois-Hubert | Tourneville | Tourneville-sur-Mer | Tournières | Tourouvre au Perche | Tourville-en-Auge | Tourville-la-Campagne | Tourville-la-Rivière | Tourville-les-Ifs | Tourville-sur-Arques | Tourville-sur-Odon | Tourville-sur-Pont-Audemer | Tourville-sur-Sienne | Toussaint | Toutainville | Tracy-Bocage | Tracy-sur-Mer | Tréauville | Treis-Sants-en-Ouche | Trémauville | Trémont | Tréprel | Trévières | Tribehou | Triqueville | Troarn | Trouville-Alliquerville | Trouville-la-Haule | Trouville-sur-Mer | Trun | Trungy | Turqueville | Turretot | Urville | Urville | Ussy
56%
I 17
Ifs, Igé, Igoville, Illeville-sur-Montfort... Ifs | Igé | Igoville | Illeville-sur-Montfort | Illiers-l'Évêque | Illois | Imbleville | Incarville | Incheville |
Ingouville | Irai | Irreville | Isigny-le-Buat | Isigny-sur-Mer | Isneauville | Iville | Ivry-la-Bataille
53%
P 88
Pacé, Pacy-sur-Eure, Paluel, Parc-d'Anxtot... Pacé | Pacy-sur-Eure | Paluel | Parc-d'Anxtot | Parfondeval | Parfouru-sur-Odon | Parville | Passais Villages | Pavilly | Pennedepie | Perche en Nocé | Percy-en-Normandie | Périers | Périers-en-Auge | Périers-sur-le-Dan | Périgny | Perrières | Perriers-en-Beauficel | Perriers-sur-Andelle | Perrou | Perruel | Pertheville-Ners | Pervenchères | Petit-Caux | Petit-Couronne | Petiville | Petiville | Picauville | Piencourt | Pierrecourt | Pierrefiques | Pierrefitte-en-Auge | Pierrefitte-en-Cinglais | Pierrepont | Pierreval | Pierreville | Pinterville | Pirou | Piseux | Pissy-Pôville | Pîtres | Plainville | Planches | Planquery | Plasnes | Pleine-Sève | Plumetot | Poilley | Pointel | Pommereux | Pommeréval | Pontaubault | Pont-Audemer | Pont-Authou | Pont-Bellanger | Pontchardon | Pont-de-l'Arche | Pont-d'Ouilly | Pontécoulant | Pont-Hébert | Pont-l'Évêque | Pontorson | Ponts | Ponts sur Seulles | Pont-Saint-Pierre | Ponts-et-Marais | Port-Bail-sur-Mer | Porte-de-Seine | Port-en-Bessin-Huppain | Portes | Port-Jérôme-sur-Seine | Port-Mort | Poses | Potigny | Pouvrai | Préaux | Préaux-Bocage | Précey | Pressagny-l'Orgueilleux | Prétot-Vicquemare | Prêtreville | Preuseville | Prey | Puchay | Puisenval | Pullay | Putanges-le-Lac | Putot-en-Auge
51%
Y 12
Yainville, Yébleron, Yerville, Ymare, Yport... Yainville | Yébleron | Yerville | Ymare | Yport | Ypreville-Biville | Yquebeuf | Yquelon | Yvecrique | Yvetot | Yvetot-Bocage | Yville-sur-Seine
48%
N 57
Nagel-Séez-Mesnil, Nassandres sur Risle, Nay... Nagel-Séez-Mesnil | Nassandres sur Risle | Nay | Neaufles-Auvergny | Neaufles-Saint-Martin | Neauphe-sous-Essai | Neauphe-sur-Dive | Nécy | Négreville | Néhou | Nesle-Hodeng | Nesle-Normandeuse | Neufbosc | Neufchâtel-en-Bray | Neuf-Marché | Neufmesnil | Neuilly | Neuilly-le-Bisson | Neuville-au-Plain | Neuville-en-Beaumont | Neuville-Ferrières | Neuville-sur-Authou | Neuville-sur-Touques | Neuvy-au-Houlme | Néville | Nicorps | Noards | Nogent-le-Sec | Nointot | Nojeon-en-Vexin | Nolléval | Nonancourt | Nonant | Normanville | Normanville | Norolles | Noron-l'Abbaye | Noron-la-Poterie | Norrey-en-Auge | Norville | Notre-Dame-d'Aliermont | Notre-Dame-de-Bliquetuit | Notre-Dame-de-Bondeville | Notre-Dame-de-Cenilly | Notre-Dame-de-l'Isle | Notre-Dame-de-Livaye | Notre-Dame-de-Livoye | Notre-Dame-d'Épine | Notre-Dame-d'Estrées-Corbon | Notre-Dame-du-Bec | Notre-Dame-du-Hamel | Notre-Dame-du-Parc | Nouainville | Noues de Sienne | Noyers | Nullemont
35%
J 16
Janville, Joganville, Jort, Joué-du-Bois... Janville | Joganville | Jort | Joué-du-Bois | Joué-du-Plain | Jouy-sur-Eure | Juaye-Mondaye | Juignettes | Juilley | Jullouville | Jumelles | Jumièges | Juvigny les Vallées | Juvigny Val d'Andaine | Juvigny-sur-Orne | Juvigny-sur-Seulles
25%
Q 13
Quatremare, Quettehou, Quetteville... Quatremare | Quettehou | Quetteville | Quettreville-sur-Sienne | Quevillon | Quévreville-la-Poterie | Quiberville | Quibou | Quièvrecourt | Quillebeuf-sur-Seine | Quincampoix | Quinéville | Quittebeuf
22%
U 3 Urville, Urville, Ussy
14%
W 1 Wanchy-Capval
3%
Aucun quiz correspondant
Distribution des résultats
% des personnes avec chaque résultat
Percentile par nombre de réponses
Votre historique - résultats
Vous n’avez pas pris ce quiz